War stamps of the allies, 1914-1920 : an historical record (Record no. 2551)

000 -LEADER
fixed length control field 00567nam a22001097a 4500
008 - FIXED-LENGTH DATA ELEMENTS--GENERAL INFORMATION
fixed length control field 171113b xxu||||| |||| 00| 0 eng d
100 ## - MAIN ENTRY--AUTHOR'S NAME
Author's Name Armstrong, Douglas
245 ## - TITLE STATEMENT
Title War stamps of the allies, 1914-1920 : an historical record
260 ## - PUBLICATION, DISTRIBUTION, ETC. (IMPRINT)
Place of publication, distribution, etc. London
Name of publisher, distributor, etc. D. Field
Date of publication, distribution, etc. 192?
650 ## - TOPICAL TERM (Tag)
Topical term or geographic name World War I, 1914-1918 | Post World War I | Occupation Issues | Military and War Issues | Overprints and Surcharges | Provisionals and Forerunners | Production | Errors and Varieties | Stamps -- Histories | Allied Forces | Investment and Speculation | Collecting
700 ## - SECONDARY AUTHOR, EDITOR OR ILLUSTRATOR
Personal Name Greenwood, Chas.
Holdings
Withdrawn status Lost status Source of classification or shelving scheme Damaged status Koha normalized classification for sorting Not for loan Permanent Location Current Location Shelving location Date acquired Total Checkouts Full call number Barcode Date last seen Copy number Price effective from Public note
        G3200 A11 A7351   Northern Philatelic Library Northern Philatelic Library General Stacks 11/13/2017   G3200 A11 A7351 1002820 11/13/2017 1 11/13/2017 Fragil

Powered by Koha